Neumann systems for the algebraic AKNS problem

Αποθηκεύτηκε σε:
Λεπτομέρειες βιβλιογραφικής εγγραφής
Κύριος συγγραφέας: Schilling, Randolph J. (Randolph James) 1951-
Μορφή: Βιβλίο
Γλώσσα:English
Δημοσίευση: Providence, RI : American Mathematical Society, 1992
Σειρά:Memoirs of the American Mathematical Society ; ; no. 467
Θέματα:
Ετικέτες: Προσθήκη ετικέτας
Δεν υπάρχουν, Καταχωρήστε ετικέτα πρώτοι!

MARC

LEADER 00000cam a2200000 i 4500
001 1/51611
008 941103s1992 eng d
020 |a 0821825372 
035 |l 10044188 
035 |a 1993 
040 |a GR-MY-UA  |b gre  |e aacr 
041 0 |a eng 
082 0 |a 514.74  |2 (20) 
100 1 |a Schilling, Randolph J.  |q (Randolph James)  |d 1951- 
245 1 0 |a Neumann systems for the algebraic AKNS problem /  |c Randolph J. Schilling 
246 3 3 |a AKNS problem 
260 |a Providence, RI :   |b American Mathematical Society,   |c 1992 
300 |a xi, 59 p.;  |c 26 cm 
490 1 |a Memoirs of the American Mathematical Society  |v ; no. 467  |x 0065-9266 
504 |a Includes bibliographical references 
650 0 0 |a Hamiltonian systems. 
650 0 0 |a Evolution equations. 
650 0 0 |a Jacobians. 
830 0 |a Memoirs of the American Mathematical Society ;  |v ; no. 467 
852 |a INST  |b SAMOS  |e 19941103  |h 514.74 SCH  |p 005300002458  |q 005300002458  |t BK  |y 0 
909 |a Σ  |b 030132